| 000 | 00788cam a2200265 a 4500 | ||
|---|---|---|---|
| 003 | UPN | ||
| 005 | 20260415064215.0 | ||
| 008 | 061117s2005 sp fr 000 0 spa d | ||
| 020 | _a8427714483 | ||
| 035 | _aUPN01000148010 | ||
| 040 |
_aMX-MxUPN _bspa _cMX-MxUPN |
||
| 049 | _aCG | ||
| 050 | 4 |
_aLB1029 P6.7 _bK5.3 2005 |
|
| 100 | 1 |
_aKlenowski, Val, _946666 _d1952- |
|
| 245 | 1 | 0 |
_aDesarrollo de portafolios para el aprendizaje y la evaluación : _bprocesos y principios |
| 250 | _a2a edición | ||
| 260 |
_aMadrid : _bNarcea, _cc2005. |
||
| 300 | _a180 páginas | ||
| 490 | 0 | _aEducación hoy. Estudios | |
| 650 | 0 |
_aPortafolios en la educación _91498 |
|
| 650 | 4 |
_aEvaluación educativa _94298 |
|
| 902 | _bVíctorGodínez/220922/M | ||
| 905 | _aLibro | ||
| 942 |
_2lcc _cLIBRO |
||
| 999 |
_c120152 _d120152 |
||